LEADER 01104nam0-22003491i-450- 001 990007859110403321 005 20040225103947.0 010 $a9041116540 035 $a000785911 035 $aFED01000785911 035 $a(Aleph)000785911FED01 035 $a000785911 100 $a20040225d2001----km-y0itay50------ba 101 0 $aeng 102 $aNL 105 $ay---n---011yy 200 1 $aInternational and national law in Russia and Eastern Europe$eessays in honor of George Ginsburgs$fedited by Roger Clark, Ferdinand Feldbrugge, Stanislaw Pomorski 210 $aThe Hague [etc.]$cNijhoff$dc2001 215 $aX, 479 p.$d25 cm 225 1 $aLaw in Eastern Europe 676 $a341.0947$v19$zita 702 1$aClark,$bRoger Stenson 702 1$aFeldbrugge,$bFerdinand Joseph Maria 702 1$aGinsburgs,$bGeorge 702 1$aPomorski,$bStanislaw 801 0$aIT$bUNINA$gRICA$2UNIMARC 901 $aBK 912 $a990007859110403321 952 $aL 119$b3217$fDSI 959 $aDSI 996 $aInternational and national law in Russia and Eastern Europe$9671119 997 $aUNINA LEADER 01234nam0-2200385li-450 001 990000249510203316 005 20180312154835.0 010 $a0-521-45021-7 035 $a0024951 035 $aUSA010024951 035 $a(ALEPH)000024951USA01 035 $a0024951 100 $a2001994021993-------y0itay0103----ba 101 0 $aeng 102 $aGB 200 1 $aEfficient algorithms for listing combinatorial structures$fLeslie Ann Goldberg 210 $aCambridge$cUniversity Press$dcopyr. 1993 215 $aXV, 160 p.$cill.$d24 cm 610 1 $aalgoritmi 610 1 $aanalisi combinatoria 610 1 $agrafi 676 $a511.8$9Modelli matematici (Simulazioni matematiche) 700 1$aGoldberg,$bLeslie Ann$0754460 801 $aSistema bibliotecario di Ateneo dell' Università di Salerno$gRICA 912 $a990000249510203316 951 $a511.8 GOL (A)$b15202/CBS$c511.8$d00219816 959 $aBK 969 $aSCI 979 $c19940209 979 $c20001110$lUSA01$h1715 979 $c20020403$lUSA01$h1633 979 $aPATRY$b90$c20040406$lUSA01$h1618 979 $aRSIAV6$b90$c20090504$lUSA01$h1013 996 $aEfficient algorithms for listing combinatorial structures$91518137 997 $aUNISA